| 000 | 00465nam a2200145Ia 4500 | ||
|---|---|---|---|
| 008 | 220217s9999 xx 000 0 und d | ||
| 245 | 0 | _aMethod of testing raw rubber and unvulcanized compounded rubber. Part 9. Chemical analysis of butadiene rubber. | |
| 260 | _c1973 | ||
| 500 | _aStandard number: BS 1673 Part 9 | ||
| 650 | _aButadiene rubber | ||
| 650 | _aChemical analysis | ||
| 650 | _aRaw rubber | ||
| 650 | _aUnvulcanised compounded rubber | ||
| 942 | _cST | ||
| 999 |
_c73023 _d73023 |
||